[Event "Titled Tue 24th Jun Early"]
[Site "chess.com INT"]
[Date "2025.06.24"]
[Round "11"]
[White "Hartge, Gedeon"]
[Black "Troltenier, Dirk"]
[Result "1-0"]
[WhiteTitle "FM"]
[BlackTitle "FM"]
[WhiteElo "2328"]
[BlackElo "2174"]
[WhiteFideId "12932116"]
[BlackFideId "4606400"]
[EventDate "2025.06.24"]

1. Nf3 d5 2. g3 Nf6 3. Bg2 c5 4. O-O Nc6 5. d4 e6 6. c4 Be7 7. cxd5 exd5 8. Nc3
O-O 9. dxc5 Bxc5 10. Bg5 d4 11. Bxf6 Qxf6 12. Nd5 Qd6 13. Nd2 Bf5 14. Rc1 Rfe8
15. a3 a6 16. Nc4 Qd8 17. b4 Ba7 18. Nf4 Be4 19. Re1 Bxg2 20. Kxg2 Ne5 21. Nxe5
Rxe5 22. Nd3 Qd5+ 23. Kg1 Re7 24. Nc5 h5 25. Qb3 Qf5 26. Qd3 Qh3 27. Qf3 Rae8
28. Nd3 Bb8 29. Rc5 g6 30. Rd5 h4 31. Rxd4 hxg3 32. hxg3 Ba7 33. Rh4 Qe6 34. e3
Qc4 35. Rxc4 1-0

[Event "Titled Tue 24th Jun Early"]
[Site "chess.com INT"]
[Date "2025.06.24"]
[Round "11"]
[White "Bratovic, Blaz"]
[Black "Brenke, Andreas"]
[Result "0-1"]
[WhiteTitle "IM"]
[BlackTitle "FM"]
[WhiteElo "2319"]
[BlackElo "2349"]
[WhiteFideId "14603551"]
[BlackFideId "4602900"]
[EventDate "2025.06.24"]

1. e4 c6 2. d4 d5 3. e5 c5 4. Nf3 cxd4 5. Qxd4 Nc6 6. Qf4 g6 7. Bd3 Bh6 8. Ng5
f6 9. exf6 exf6 10. O-O Bxg5 11. Re1+ Nge7 12. Qxg5 fxg5 13. Bxg5 O-O 14. Nc3
Qd6 15. Re2 Bf5 16. Rae1 Bxd3 17. cxd3 Nf5 18. Re6 Qc5 19. g4 Nfd4 20. Be3 Nf3+
21. Kf1 d4 22. Ne4 Qd5 23. Nf6+ Rxf6 24. Rxf6 Nxe1 25. Bh6 Nxd3 0-1

[Event "Titled Tue 24th Jun Early"]
[Site "chess.com INT"]
[Date "2025.06.24"]
[Round "11"]
[White "Reprintsev, Alexander"]
[Black "Berg, Vadim Daskevich"]
[Result "0-1"]
[WhiteTitle "IM"]
[BlackTitle "IM"]
[WhiteElo "2256"]
[BlackElo "2445"]
[WhiteFideId "14100541"]
[BlackFideId "11601965"]
[EventDate "2025.06.24"]

1. e4 c5 2. b3 Nc6 3. Bb2 e6 4. Nf3 d5 5. Bb5 Nf6 6. exd5 exd5 7. O-O Be7 8. Ne5
Bd7 9. Nxd7 Qxd7 10. d4 cxd4 11. Bxd4 O-O 12. Nc3 a6 13. Bxc6 bxc6 14. Na4 Rad8
15. f3 Rfe8 16. Qd3 a5 17. Rae1 Nh5 18. Bb6 Ra8 19. Nc5 Bxc5+ 20. Bxc5 a4 21. b4
Nf4 22. Qd2 Ne6 23. Bf2 Qd6 24. a3 Nc7 25. Bg3 Qd7 26. c4 Rad8 27. Bxc7 Rxe1 28.
Rxe1 Qxc7 29. cxd5 cxd5 30. Qxd5 h6 31. Qe5 Qa7+ 32. Qe3 Qa6 33. h3 Qc4 34. Kh2
Rd3 35. Qe8+ Kh7 36. Rc1 Qf4+ 37. g3 Qd2+ 0-1

[Event "Titled Tue 24th Jun Early"]
[Site "chess.com INT"]
[Date "2025.06.24"]
[Round "11"]
[White "Mummana Venkata Ruthvik"]
[Black "Shapiro, Daniel"]
[Result "0-1"]
[WhiteTitle "CM"]
[BlackTitle "FM"]
[WhiteElo "2237"]
[BlackElo "2284"]
[WhiteFideId "25697307"]
[BlackFideId "2001780"]
[EventDate "2025.06.24"]

1. Nf3 e6 2. g3 f5 3. Bg2 Nf6 4. O-O d5 5. d3 Be7 6. c4 Nc6 7. Nc3 d4 8. Nb1 O-O
9. a3 a5 10. b3 h6 11. Nh4 Kh7 12. e4 g5 13. Nf3 fxe4 14. dxe4 e5 15. Nbd2 Bg4
16. h3 Bh5 17. Qc2 Qd7 18. Nh2 d3 19. Qb1 Be2 20. Re1 Nd4 21. Ra2 Bc5 22. b4
axb4 23. axb4 Rxa2 24. Qxa2 Bxb4 25. Bf1 Bc5 26. Kg2 Nh5 27. f3 Nc2 28. Rxe2
dxe2 29. Qxc2 e1=Q 30. Ng4 Qxg3+ 31. Kh1 Qg1# 0-1

[Event "Titled Tue 24th Jun Early"]
[Site "chess.com INT"]
[Date "2025.06.24"]
[Round "11"]
[White "Plichta, Kamil"]
[Black "Cherepov, Alexej"]
[Result "1-0"]
[WhiteTitle "FM"]
[BlackTitle "CM"]
[WhiteElo "2361"]
[BlackElo "2083"]
[WhiteFideId "1141830"]
[BlackFideId "13503650"]
[EventDate "2025.06.24"]

1. Nf3 Nf6 2. g3 b5 3. Bg2 Bb7 4. O-O e6 5. d3 c5 6. e4 Be7 7. e5 Nd5 8. a4 a6
9. Na3 Bc6 10. c4 bxc4 11. Nxc4 O-O 12. Bd2 Nb4 13. Bxb4 cxb4 14. a5 f6 15. d4
Qc7 16. Rc1 Qb7 17. Nb6 Ra7 18. d5 exd5 19. exf6 Bxf6 20. Nd4 Kh8 21. Re1 Qc7
22. Nxd5 Qd6 23. Nf5 1-0

[Event "Titled Tue 24th Jun Early"]
[Site "chess.com INT"]
[Date "2025.06.24"]
[Round "11"]
[White "Sydykov, Bayastan"]
[Black "Naroditsky, Daniel"]
[Result "0-1"]
[WhiteTitle "FM"]
[BlackTitle "GM"]
[WhiteElo "2301"]
[BlackElo "2619"]
[WhiteFideId "13829610"]
[BlackFideId "2026961"]
[EventDate "2025.06.24"]

1. e4 c5 2. Nf3 Nf6 3. e5 Nd5 4. Nc3 e6 5. Ne4 f5 6. Nc3 Nb4 7. Bc4 a6 8. a4 b6
9. O-O Bb7 10. d3 Be7 11. Ne1 N8c6 12. f4 Nd4 13. Be3 O-O 14. Ne2 Nxe2+ 15. Qxe2
Nd5 16. Bd2 Kh8 17. Nf3 Qe8 18. g3 Qh5 19. Qf2 Rg8 20. h4 h6 21. Qh2 Nxf4 22.
Bxf4 Bxf3 23. Rae1 Bc6 24. Bb3 g5 25. hxg5 Qxh2+ 26. Kxh2 hxg5 27. Be3 Raf8 28.
c3 Kg7 29. Kg1 Rh8 30. Re2 f4 0-1

[Event "Titled Tue 24th Jun Early"]
[Site "chess.com INT"]
[Date "2025.06.24"]
[Round "11"]
[White "Povshednyi, Ivan"]
[Black "Sethuraman, Roshan"]
[Result "1-0"]
[WhiteTitle "FM"]
[WhiteElo "2309"]
[BlackElo "2074"]
[WhiteFideId "14190907"]
[BlackFideId "30965250"]
[EventDate "2025.06.24"]

1. Nf3 Nf6 2. g3 d5 3. Bg2 c6 4. c4 Bg4 5. Ne5 Bf5 6. cxd5 cxd5 7. Qa4+ Nbd7 8.
Nc3 e6 9. g4 Bg6 10. h4 h6 11. Nxg6 fxg6 12. d4 Bd6 13. g5 hxg5 14. hxg5 Rxh1+
15. Bxh1 Nh5 16. Be3 a6 17. O-O-O Qe7 18. Kb1 O-O-O 19. Qc2 Kb8 20. Qxg6 Nf4 21.
Bxf4 Bxf4 22. e3 Bxg5 23. f4 Bf6 24. Bf3 Rh8 25. Rh1 Qd8 26. Qg4 Rxh1+ 27. Bxh1
Qh8 28. Bf3 Nf8 29. a3 Qh7+ 30. Ka2 Qg6 31. Qh3 Qh7 32. Qxh7 Nxh7 33. Bg4 Nf8
34. f5 Kc7 35. fxe6 Kd6 36. Bf3 Nxe6 37. Bxd5 Nd8 38. Bg2 Ke6 39. Kb3 Bg5 40. e4
Be3 41. Bh3+ Kd6 42. e5+ Kc7 43. Nd5+ 1-0

[Event "Titled Tue 24th Jun Early"]
[Site "chess.com INT"]
[Date "2025.06.24"]
[Round "11"]
[White "Punin, Andrii"]
[Black "Dubnevych, Maksym"]
[Result "1-0"]
[WhiteTitle "FM"]
[BlackTitle "FM"]
[WhiteElo "2289"]
[BlackElo "2296"]
[WhiteFideId "14112639"]
[BlackFideId "14184001"]
[EventDate "2025.06.24"]

1. e4 c5 2. Be2 Nc6 3. f4 e6 4. Nf3 d5 5. d3 Bd6 6. c3 Nge7 7. O-O O-O 8. g3 Bc7
9. e5 d4 10. c4 f6 11. exf6 Rxf6 12. Nbd2 b6 13. Ne4 Rf8 14. Bd2 a5 15. Nfg5 h6
16. Nf3 Bb7 17. Nh4 Kh7 18. Bf3 Nf5 19. Nxf5 exf5 20. Nf2 Qd7 21. Bd5 Rae8 22.
Qf3 Rf6 23. Rae1 Rxe1 24. Rxe1 Bc8 25. Nh3 Nd8 26. Ng5+ Kh8 27. Qh5 Rf8 28. Qg6 1-0

[Event "Titled Tue 24th Jun Early"]
[Site "chess.com INT"]
[Date "2025.06.24"]
[Round "11"]
[White "Szpar, Milosz"]
[Black "Mohamed, Anees M"]
[Result "1-0"]
[WhiteTitle "IM"]
[BlackTitle "FM"]
[WhiteElo "2495"]
[BlackElo "2431"]
[WhiteFideId "1184989"]
[BlackFideId "35065815"]
[EventDate "2025.06.24"]

1. e4 d6 2. d4 Nf6 3. Bd3 e5 4. c3 Nc6 5. Nf3 g6 6. O-O Bg7 7. Re1 O-O 8. h3 h6
9. Be3 Nh5 10. Nbd2 Qf6 11. Bf1 Nf4 12. Kh2 g5 13. g3 Ng6 14. b4 g4 15. hxg4
Bxg4 16. b5 Nce7 17. Be2 Rae8 18. Qa4 Nf4 19. dxe5 dxe5 20. gxf4 exf4 21. e5 Qg6
22. Bxf4 Nd5 23. Bg3 Nxc3 24. Qf4 Nxe2 25. Rxe2 f6 26. e6 Re7 27. Rae1 Rd8 28.
Nh4 Qh5 29. f3 f5 30. fxg4 fxg4 31. Qf5 1-0

[Event "Titled Tue 24th Jun Early"]
[Site "chess.com INT"]
[Date "2025.06.24"]
[Round "11"]
[White "Rahman, Masruri"]
[Black "Grot, Blazej"]
[Result "1/2-1/2"]
[WhiteTitle "FM"]
[BlackTitle "CM"]
[WhiteElo "2407"]
[BlackElo "2187"]
[WhiteFideId "7101163"]
[BlackFideId "21835845"]
[EventDate "2025.06.24"]

1. b4 e6 2. Bb2 Nf6 3. a3 d5 4. e3 Be7 5. g4 h6 6. h4 c5 7. bxc5 Nbd7 8. d4 Ne4
9. Nf3 Qc7 10. Bd3 b6 11. cxb6 axb6 12. Nbd2 Nc3 13. Bxc3 Qxc3 14. Kf1 Rxa3 15.
Rxa3 Qxa3 16. Kg2 Nf6 17. Ne5 Bd6 18. f4 h5 19. Bb5+ Kf8 20. Bd3 Bxe5 21. fxe5
Nxg4 22. Qf3 Qe7 23. Qf4 g6 24. Nf3 Kg7 25. Ng5 Rf8 26. Rf1 f6 27. exf6+ Rxf6
28. Qg3 Rxf1 29. Kxf1 Bd7 30. Ke2 e5 31. Kd2 exd4 32. exd4 Qb4+ 33. Kc1 Qa3+ 34.
Kd2 Qb4+ 35. Kc1 Qa3+ 36. Kd2 Qb4+ 1/2-1/2

[Event "Titled Tue 24th Jun Early"]
[Site "chess.com INT"]
[Date "2025.06.24"]
[Round "11"]
[White "Zakin, Ilay"]
[Black "Asish Panda"]
[Result "1-0"]
[WhiteTitle "FM"]
[WhiteElo "2300"]
[BlackElo "1911"]
[WhiteFideId "2848279"]
[BlackFideId "45012458"]
[EventDate "2025.06.24"]

1. Nf3 d5 2. c4 e6 3. d4 Nf6 4. g3 Be7 5. Bg2 O-O 6. O-O Ne4 7. Nc3 f5 8. Qc2 c6
9. Bf4 Nd7 10. h4 h6 11. Ne5 Nxe5 12. Bxe5 Bf6 13. Bxf6 Qxf6 14. e3 g5 15. hxg5
hxg5 16. cxd5 exd5 17. Nxe4 fxe4 18. b4 Rf7 19. b5 Rh7 20. bxc6 bxc6 21. Rfc1
Bd7 22. Rab1 Rf8 23. Rb7 Qh6 24. Kf1 Rhf7 25. Kg1 Rh7 26. Kf1 Rf6 27. Qc5 Qh2
28. Rb8+ Kg7 29. Qe7+ Kg6 30. Rg8+ Kh5 31. Qxh7+ Kg4 32. Qxh2 1-0

[Event "Titled Tue 24th Jun Early"]
[Site "chess.com INT"]
[Date "2025.06.24"]
[Round "11"]
[White "Zmijanac, Dusko"]
[Black "Sobek, Jaroslav"]
[Result "1-0"]
[WhiteTitle "FM"]
[BlackTitle "FM"]
[WhiteElo "2007"]
[BlackElo "2195"]
[WhiteFideId "908762"]
[BlackFideId "301388"]
[EventDate "2025.06.24"]

1. d4 d5 2. c4 dxc4 3. Nf3 Nf6 4. Nc3 c5 5. d5 e6 6. e4 exd5 7. e5 Ng4 8. h3 d4
9. Bxc4 Nc6 10. hxg4 dxc3 11. Qb3 Qc7 12. Bf4 cxb2 13. Qxb2 Bxg4 14. Ng5 Nd8 15.
O-O h6 16. Ne4 Be6 17. Nd6+ Bxd6 18. exd6 Qd7 19. Bb5 Nc6 20. Qxg7 O-O-O 21.
Rac1 b6 22. Rfd1 Rdg8 23. Qc3 Rh7 24. a4 Rhg7 25. g3 1-0

[Event "Titled Tue 24th Jun Early"]
[Site "chess.com INT"]
[Date "2025.06.24"]
[Round "11"]
[White "Chitre Arush"]
[Black "Klys, Kacper"]
[Result "1-0"]
[WhiteTitle "CM"]
[BlackTitle "CM"]
[WhiteElo "2151"]
[BlackElo "2218"]
[WhiteFideId "25959026"]
[BlackFideId "21005281"]
[EventDate "2025.06.24"]

1. d4 Nf6 2. Bf4 g6 3. Nc3 d5 4. e3 Bg7 5. h4 h5 6. Nf3 c6 7. Ne5 Nbd7 8. Qd2
Nb6 9. f3 Nfd7 10. O-O-O Nxe5 11. Bxe5 f6 12. Bg3 Be6 13. e4 Bf7 14. Kb1 e6 15.
Bd3 Qd7 16. Qe2 O-O-O 17. a4 a5 18. Rhe1 Bf8 19. e5 f5 20. Bf4 Bb4 21. Bd2 Qc7
22. Na2 Bxd2 23. Qxd2 Nxa4 24. b3 Nb6 25. Qxa5 Nd7 26. Qa3 Rdg8 27. Nc3 Nb6 28.
Kb2 Kd7 29. Ra1 Ra8 30. Qc5 Rxa1 31. Rxa1 Ra8 32. Rxa8 Nxa8 33. Nb5 Qb8 34. Nd6
Be8 35. Qb4 b6 36. c4 Nc7 37. Qa3 Ke7 38. Nxf5+ Kd7 39. Qe7+ Kc8 40. Nd6# 1-0

[Event "Titled Tue 24th Jun Early"]
[Site "chess.com INT"]
[Date "2025.06.24"]
[Round "11"]
[White "Nugumanov, Bakhtiyar"]
[Black "Keatinge-Clay, Adrian"]
[Result "1-0"]
[WhiteTitle "IM"]
[BlackTitle "FM"]
[WhiteElo "2305"]
[BlackElo "2232"]
[WhiteFideId "13701797"]
[BlackFideId "2011867"]
[EventDate "2025.06.24"]

1. e4 c5 2. Nf3 Nc6 3. Nc3 Nf6 4. Bb5 e6 5. Bc4 d5 6. exd5 exd5 7. Bb5 Be7 8. d4
Qb6 9. dxc5 Bxc5 10. O-O O-O 11. Bd3 Bg4 12. Na4 Qa5 13. Nxc5 Qxc5 14. c3 Rfe8
15. h3 Bh5 16. Bg5 Ne4 17. Be3 Qa5 18. Re1 Rad8 19. g4 Bg6 20. Nd4 Ne5 21. Bf1
a6 22. f4 Nc4 23. Bxc4 dxc4 24. f5 Qe5 25. Qf3 Rd6 26. Bf4 Nd2 27. Bxd2 1-0

[Event "Titled Tue 24th Jun Early"]
[Site "chess.com INT"]
[Date "2025.06.24"]
[Round "11"]
[White "Ambartsumova, Karina"]
[Black "Salinas Herrera, Pablo"]
[Result "0-1"]
[WhiteTitle "IM"]
[BlackTitle "GM"]
[WhiteElo "2403"]
[BlackElo "2447"]
[WhiteFideId "4166299"]
[BlackFideId "3407128"]
[EventDate "2025.06.24"]

1. Nf3 d5 2. c4 e6 3. e3 Nf6 4. Nc3 Be7 5. b3 O-O 6. Bb2 c6 7. Qc2 Nbd7 8. Be2
b6 9. Rg1 Bb7 10. g4 Rc8 11. g5 Ne8 12. h4 c5 13. h5 d4 14. exd4 Bxf3 15. Bxf3
cxd4 16. Nb5 Ne5 17. Be4 Bxg5 18. O-O-O f5 19. Bxd4 Bf6 20. f4 Nxc4 21. bxc4
Bxd4 22. Bd3 Bf6 23. Rde1 Nd6 24. Nc3 Nxc4 25. Rxe6 Nxd2 26. Kxd2 Rxc3 27. Qb1
Qd4 28. Rge1 Qxf4+ 29. Kd1 Bg5 30. Ke2 Qg4+ 31. Kf2 Bh4+ 32. Kf1 Qf3+ 33. Kg1
Bf2+ 34. Kh2 Qg3+ 35. Kh1 Qh3# 0-1

[Event "Titled Tue 24th Jun Early"]
[Site "chess.com INT"]
[Date "2025.06.24"]
[Round "11"]
[White "Liashkevich, Lizaveta"]
[Black "Parfenov, Viktor N."]
[Result "1-0"]
[WhiteTitle "WFM"]
[BlackTitle "CM"]
[WhiteElo "2204"]
[BlackElo "2193"]
[WhiteFideId "13518658"]
[BlackFideId "4165969"]
[EventDate "2025.06.24"]

1. d4 Nf6 2. c4 g6 3. Nf3 Bg7 4. Nc3 d5 5. cxd5 Nxd5 6. e4 Nxc3 7. bxc3 c5 8.
Be2 Nc6 9. Be3 cxd4 10. cxd4 Bg4 11. e5 O-O 12. O-O Rc8 13. Qd2 Qa5 14. Rfd1
Qxd2 15. Rxd2 Nb4 16. h3 Be6 17. Rb1 Nxa2 18. Rxb7 a5 19. d5 Rc1+ 20. Kh2 Bc8
21. Rxe7 Nc3 22. d6 a4 23. Bd4 a3 24. Bxc3 Rxc3 25. d7 Bxd7 26. Rexd7 Rb3 27.
Ra2 Rb2 28. Rd2 Rxd2 29. Rxd2 Rb8 30. Ra2 Rb2 31. Bc4 Bf8 32. Rxb2 axb2 33. Bd3
Bc5 34. Kg1 Kf8 35. Kf1 Ke7 36. Ke1 f6 37. exf6+ Kxf6 38. Nd2 g5 39. Ne4+ Ke5
40. Nxc5 Kd4 41. Na4 Kxd3 42. Nxb2+ Ke4 43. Ke2 1-0

[Event "Titled Tue 24th Jun Early"]
[Site "chess.com INT"]
[Date "2025.06.24"]
[Round "11"]
[White "Shangin, Lev"]
[Black "Smietanska, Wiktoria"]
[Result "1/2-1/2"]
[BlackTitle "CM"]
[WhiteElo "2169"]
[BlackElo "2238"]
[WhiteFideId "55681085"]
[BlackFideId "21869359"]
[EventDate "2025.06.24"]

1. d4 Nf6 2. c4 g6 3. Nc3 Bg7 4. e4 d6 5. Nf3 O-O 6. Be2 e5 7. O-O Nc6 8. d5 Ne7
9. Ne1 Ne8 10. Nd3 f5 11. f3 Nf6 12. b4 f4 13. c5 g5 14. a4 h5 15. a5 Ng6 16. b5
g4 17. fxg4 hxg4 18. Nf2 g3 19. hxg3 fxg3 20. Nh1 Nf4 21. Nxg3 Qe8 22. Nf5 Bxf5
23. exf5 N6h5 24. Ra4 Rxf5 25. Ne4 Qg6 26. Bg4 Raf8 27. cxd6 Nh3+ 28. Bxh3 Rxf1+
29. Qxf1 Rxf1+ 30. Kxf1 cxd6 31. Be6+ Kh7 32. Ng5+ Kh8 33. Nf7+ Kh7 34. Ng5+ Kh8
35. Nf7+ Kh7 36. Ng5+ 1/2-1/2

[Event "Titled Tue 24th Jun Early"]
[Site "chess.com INT"]
[Date "2025.06.24"]
[Round "11"]
[White "Steinberg, Nitzan"]
[Black "Sahib, Singh"]
[Result "0-1"]
[WhiteTitle "GM"]
[BlackTitle "FM"]
[WhiteElo "2554"]
[BlackElo "2407"]
[WhiteFideId "2801795"]
[BlackFideId "25618342"]
[EventDate "2025.06.24"]

1. Nf3 d5 2. g3 Nd7 3. d4 Nb6 4. Nc3 Nf6 5. a4 a5 6. Bg2 Bf5 7. O-O e6 8. Nh4
Bg4 9. h3 Bh5 10. b3 Bb4 11. Bb2 g5 12. Nf3 Bxc3 13. Bxc3 Ne4 14. Bb2 g4 15.
hxg4 Bxg4 16. Ne5 Bf5 17. g4 Rg8 18. f3 Nd6 19. Rf2 f6 20. Nd3 Bg6 21. Nf4 Qe7
22. Qd2 f5 23. g5 Qxg5 24. e3 Bf7 25. Kf1 Nd7 26. Ke2 Nf6 27. Rh1 Nh5 28. Rxh5
Bxh5 29. Qc3 Kd7 30. Ke1 Qh4 31. Ba3 Rg7 32. Kf1 Rag8 33. Qd3 Kc8 34. Qe2 Ne4
35. Qe1 Rxg2 36. Nxg2 Ng3+ 0-1

[Event "Titled Tue 24th Jun Early"]
[Site "chess.com INT"]
[Date "2025.06.24"]
[Round "11"]
[White "Zlatin, Alexander"]
[Black "Mikhalsky, Vladimir"]
[Result "0-1"]
[WhiteTitle "FM"]
[WhiteElo "2313"]
[BlackElo "2219"]
[WhiteFideId "2810549"]
[BlackFideId "14144352"]
[EventDate "2025.06.24"]

1. e4 g6 2. Nf3 Bg7 3. Bc4 e6 4. d4 d6 5. c3 Ne7 6. h4 h6 7. h5 g5 8. Nxg5 hxg5
9. Bxg5 d5 10. Bd3 Bh6 11. Qd2 Ng8 12. Bxd8 Bxd2+ 13. Nxd2 Kxd8 14. e5 f5 15.
O-O-O c5 16. f4 cxd4 17. cxd4 Nc6 18. Nf3 Bd7 19. Ng5 Nh6 20. Bb5 Nb4 21. Bxd7
Kxd7 22. a3 Rac8+ 23. Kb1 Nc2 24. Rh3 Rc4 25. Rc3 Rxc3 26. bxc3 Nxa3+ 27. Ka2
Nc4 28. Rh1 b5 29. Kb3 a5 30. Kc2 a4 31. Kd3 a3 32. Nf3 Ng4 33. Nd2 Nf2+ 34. Kc2
Nxh1 35. Nb3 a2 36. Nc5+ 0-1

[Event "Titled Tue 24th Jun Early"]
[Site "chess.com INT"]
[Date "2025.06.24"]
[Round "11"]
[White "Williams, Simon K"]
[Black "Sabatier, Mathis"]
[Result "1-0"]
[WhiteTitle "GM"]
[BlackTitle "CM"]
[WhiteElo "2444"]
[BlackElo "2235"]
[WhiteFideId "404454"]
[BlackFideId "26029685"]
[EventDate "2025.06.24"]

1. c4 c5 2. Nc3 Nc6 3. g3 g6 4. Bg2 Bg7 5. e4 d6 6. Nge2 Nf6 7. O-O O-O 8. d3
Ne8 9. Be3 Rb8 10. d4 cxd4 11. Nxd4 Nc7 12. Nd5 Nxd5 13. cxd5 Ne5 14. Nb5 a6 15.
Na3 b5 16. Bd4 Bd7 17. Nc2 Nc4 18. Bxg7 Kxg7 19. b3 Ne5 20. h3 Qc8 21. f4 Qc5+
22. Kh2 Rbc8 23. Nd4 Ng4+ 24. hxg4 Bxg4 25. Qd2 h5 26. Rac1 Qb6 27. Nc6 h4 28.
Qd4+ Qxd4 29. Nxd4 hxg3+ 30. Kxg3 Bd7 31. e5 dxe5 32. fxe5 f5 33. e6 Rxc1 34.
Rxc1 Be8 35. Kf4 g5+ 36. Kxg5 Rh8 37. Nxf5+ Kf8 38. d6 Rg8+ 39. Kf4 Rxg2 40. d7
Bxd7 41. exd7 Rd2 42. Rc8+ 1-0

[Event "Titled Tue 24th Jun Early"]
[Site "chess.com INT"]
[Date "2025.06.24"]
[Round "11"]
[White "Klukin, Kirill"]
[Black "Jakubowski, Krzysztof"]
[Result "0-1"]
[WhiteTitle "IM"]
[BlackTitle "GM"]
[WhiteElo "2401"]
[BlackElo "2448"]
[WhiteFideId "24199273"]
[BlackFideId "1112848"]
[EventDate "2025.06.24"]

1. d4 Nf6 2. Nf3 b6 3. e3 Bb7 4. Bd3 d5 5. O-O e6 6. b3 Bd6 7. Bb2 O-O 8. c4
Nbd7 9. cxd5 exd5 10. Nc3 Re8 11. Rc1 a6 12. Qc2 g6 13. Ne2 Rc8 14. Ng3 Qe7 15.
Qe2 Ra8 16. Rc2 h5 17. Rfc1 Rec8 18. Nf1 Ne4 19. N1d2 f5 20. h4 f4 21. exf4 Bxf4
22. Re1 Re8 23. g3 Bh6 24. Nxe4 dxe4 25. Bc4+ Kh7 26. Bc1 Qd6 27. Ng5+ Bxg5 28.
Bxg5 b5 29. Bf7 Rf8 30. Bf4 Qb6 31. Rxc7 Rxf7 32. Rec1 Raf8 33. d5 Bxd5 34. Rd1
Qe6 35. Qd2 Nf6 36. Rc5 Ba8 37. Re1 Qh3 38. Be3 Ng4 0-1

[Event "Titled Tue 24th Jun Early"]
[Site "chess.com INT"]
[Date "2025.06.24"]
[Round "11"]
[White "Zou, Chen"]
[Black "Arslanov, Shamil"]
[Result "0-1"]
[WhiteTitle "IM"]
[BlackTitle "IM"]
[WhiteElo "2443"]
[BlackElo "2410"]
[WhiteFideId "8610959"]
[BlackFideId "4192826"]
[EventDate "2025.06.24"]

1. e4 e5 2. Nf3 d5 3. Nxe5 Bd6 4. d4 dxe4 5. Nc3 Bxe5 6. dxe5 Qxd1+ 7. Kxd1 Nc6
8. Bf4 Nge7 9. Bb5 Bd7 10. Ke1 O-O-O 11. Rd1 Ng6 12. Bg3 Ncxe5 13. Bxd7+ Nxd7
14. Nb5 Nde5 15. Nxa7+ Kb8 16. Rxd8+ Rxd8 17. Nb5 f5 18. Bxe5 Nxe5 19. b3 c6 20.
Nc3 b5 21. Ke2 Kc7 22. a3 Ng6 23. g3 Ne5 24. Rd1 Rxd1 25. Nxd1 Kd6 26. Ne3 g6
27. h3 Nf3 28. h4 Nd4+ 29. Kd2 Ke5 30. a4 bxa4 31. bxa4 Kd6 32. Kc3 Kc5 33. a5
Nb5+ 34. Kb3 Nd6 35. Ka4 h6 36. c3 g5 37. hxg5 hxg5 38. a6 Kb6 39. Kb4 c5+ 40.
Kb3 Kxa6 41. c4 Kb6 42. Kc3 Kc6 43. Nd5 Kd7 44. Ne3 Ke6 45. Ng2 Ke5 46. Ne1 f4
47. Nc2 Nf5 48. gxf4+ gxf4 49. Na1 Nd4 50. Kd2 Kf5 51. Ke1 Kg4 52. Kd2 Kh3 53.
Ke1 Kg2 54. Kd1 Kxf2 55. Kc1 e3 56. Kd1 e2+ 57. Kd2 e1=Q+ 58. Kd3 Qe3# 0-1

[Event "Titled Tue 24th Jun Early"]
[Site "chess.com INT"]
[Date "2025.06.24"]
[Round "11"]
[White "Predein, Vladimir"]
[Black "Chen, Ryo"]
[Result "0-1"]
[WhiteTitle "IM"]
[BlackTitle "IM"]
[WhiteElo "2373"]
[BlackElo "2395"]
[WhiteFideId "4117786"]
[BlackFideId "7003072"]
[EventDate "2025.06.24"]

1. e4 c5 2. Nf3 d6 3. d4 cxd4 4. Qxd4 Nf6 5. Qe3 g6 6. Be2 Bg7 7. O-O O-O 8. h3
Nc6 9. c4 Qb6 10. Qf4 Nd7 11. Nc3 Bxc3 12. bxc3 Qc5 13. Qh4 f6 14. Be3 Qa5 15.
Nd4 Qxc3 16. Rac1 Nxd4 17. Rxc3 Nxe2+ 18. Kh1 Nxc3 19. Rc1 Na4 20. Bh6 Rf7 21.
f4 Ndc5 22. e5 dxe5 23. fxe5 fxe5 24. Rd1 Be6 25. Be3 Raf8 26. Kh2 b6 27. Bh6
Re8 28. Qg3 Nb2 29. Rd2 Nxc4 30. Re2 e4 31. h4 Bf5 32. Bg5 h5 33. Qc3 b5 34. Qd4
Ne6 35. Qxa7 Nxg5 36. hxg5 e5 37. Qa6 Rb8 38. Rf2 Rb6 39. Qa8+ Kg7 40. Rf1 e3
41. Rd1 Rd6 42. Re1 Bg4 43. Qe4 Rd4 44. Qc6 e2 45. a4 Rd1 46. Rxe2 Bxe2 47. axb5
Ne3 48. Qe6 Ng4+ 49. Kh3 Rh1+ 50. Kg3 h4# 0-1

[Event "Titled Tue 24th Jun Early"]
[Site "chess.com INT"]
[Date "2025.06.24"]
[Round "11"]
[White "Exposito Milan, Adrian"]
[Black "Mekhitarian, Krikor Sevag"]
[Result "0-1"]
[WhiteTitle "FM"]
[BlackTitle "GM"]
[WhiteElo "2179"]
[BlackElo "2564"]
[WhiteFideId "24556645"]
[BlackFideId "2107660"]
[EventDate "2025.06.24"]

1. d4 Nf6 2. c4 g6 3. g3 Bg7 4. Bg2 d5 5. cxd5 Nxd5 6. e4 Nb6 7. Nf3 Bg4 8. e5
Nc6 9. Be3 O-O 10. Nc3 Nc4 11. Qe2 Nxe3 12. fxe3 e6 13. O-O Ne7 14. h3 Bxf3 15.
Bxf3 c6 16. Kg2 Nf5 17. Rad1 Bh6 18. Rd3 Bxe3 19. Rxe3 Qg5 20. Ne4 Qxe3 21. Rd1
Qxe2+ 22. Bxe2 Ne3+ 23. Kf3 Nxd1 24. Bxd1 Rfd8 25. Ke3 Kg7 26. g4 b6 27. Ba4
Rac8 28. b4 Rc7 29. g5 Rcd7 30. Nd6 Rxd6 31. exd6 Rxd6 32. Ke4 Kf8 33. h4 Ke7
34. Bb3 Rd8 35. a3 Kd6 36. Ba4 h6 0-1

[Event "Titled Tue 24th Jun Early"]
[Site "chess.com INT"]
[Date "2025.06.24"]
[Round "11"]
[White "Sahetchian, Armand"]
[Black "Perez Cruz, Adianet"]
[Result "1/2-1/2"]
[WhiteTitle "CM"]
[BlackTitle "WFM"]
[WhiteElo "2024"]
[BlackElo "1984"]
[WhiteFideId "607150"]
[BlackFideId "3510115"]
[EventDate "2025.06.24"]

1. e4 c6 2. d4 d5 3. exd5 cxd5 4. c4 Nf6 5. Nc3 g6 6. cxd5 Bg7 7. Nf3 O-O 8. Be2
Nbd7 9. O-O Nb6 10. h3 Nbxd5 11. Re1 b6 12. Bg5 Bb7 13. Rc1 h6 14. Bd2 Rc8 15.
a3 e6 16. Bf1 Kh7 17. Ne5 Nxc3 18. Bxc3 Nd5 19. Bd2 Rxc1 20. Qxc1 Qc7 21. Qxc7
Nxc7 22. Rc1 Nd5 23. Bc4 Bxe5 24. dxe5 Rd8 25. Bxd5 Rxd5 26. Rc7 Rxd2 27. Rxf7+
Kg8 28. Rxb7 Rxb2 29. Rxa7 Rb5 30. f4 g5 31. Re7 gxf4 32. Rxe6 Kg7 33. Kf2 Rb3
34. Rf6 Rxa3 35. Rxb6 Re3 36. Rf6 Rxe5 37. Rxf4 Kg6 38. Kf3 Ra5 39. Rb4 Ra3+ 40.
Kg4 Ra6 41. h4 Rd6 42. h5+ Kf6 43. Rf4+ Kg7 44. Kf5 Rd5+ 45. Kg4 Rg5+ 46. Kh4
Rxg2 47. Rg4+ Rxg4+ 48. Kxg4 Kf6 49. Kf4 Ke6 50. Kg4 Kf6 51. Kf4 Ke6 52. Ke4 Kf6
53. Kf4 1/2-1/2